[Event "POL-chT Academic"]
[Site "Chorzow"]
[Date "2021.05.16"]
[Round "8.9"]
[White "Chylewski, Patryk"]
[Black "Ulanowski, Karol"]
[Result "1-0"]
[WhiteElo "2323"]
[BlackElo "2151"]
[PlyCount "107"]
[EventDate "2021.05.15"]
[EventType "team-swiss (rapid)"]
[EventRounds "9"]
[EventCountry "POL"]
[SourceTitle "CBM 202 Extra"]
[Source "ChessBase"]
[SourceDate "2021.07.31"]
[SourceVersion "1"]
[SourceVersionDate "2021.07.31"]
[SourceQuality "1"]
[WhiteTeam "Warsaw Univ"]
[BlackTeam "Warsaw Politechnik"]
[WhiteTeamCountry "POL"]
[BlackTeamCountry "POL"]

1. d4 Nf6 2. c4 g6 3. Nc3 Bg7 4. e4 d6 5. Nf3 0-0 6. Be2 Na6 7. 0-0 e5 8. Be3 Ng4 9. Bg5 Qe8 10. h3 h6 11. Bh4 Nf6 12. Re1 exd4 13. Nxd4 Nxe4 14. Bf3 Nxc3 15. bxc3 Be5 16. Qd2 Kg7 17. Be4 f5 18. Bd5 g5 19. Bxg5 hxg5 20. Qxg5+ Qg6 21. Qe7+ Rf7 22. Bxf7 Qxf7 23. Qg5+ Qg6 24. Qe7+ Kh6 25. Qh4+ Qh5 26. Qd8 Qg5 27. Qf8+ Qg7 28. Nxf5+ Bxf5 29. Qxf5 Rg8 30. g4 Qg5 31. Qe6+ Rg6 32. Qe8 Qf4 33. Rxe5 Qxe5 34. Qf8+ Kh7 35. Rd1 Rf6 36. Qd8 Qf4 37. Rd2 Nc5 38. Re2 Rf7 39. Qh4+ Kg7 40. Re7 Ne4 41. Rxf7+ Kxf7 42. Qh7+ Ke8 43. Qg8+ Kd7 44. Qh7+ Kc6 45. Qh4 Nxc3 46. Qe7 Qxc4 47. g5 Ne2+ 48. Kg2 Nf4+ 49. Kf3 Nd5 50. Qe4 Qxa2 51. g6 Qb3+ 52. Kg2 Qc3 53. h4 a5 54. h5 1-0

[Event "POL-chT Academic"]
[Site "Chorzow"]
[Date "2021.05.15"]
[Round "4.9"]
[White "Ulanowski, Karol"]
[Black "Kiolbasa, Oliwia"]
[Result "1/2-1/2"]
[WhiteElo "2151"]
[BlackElo "2255"]
[PlyCount "86"]
[EventDate "2021.05.15"]
[EventType "team-swiss (rapid)"]
[EventRounds "9"]
[EventCountry "POL"]
[SourceTitle "CBM 202 Extra"]
[Source "ChessBase"]
[SourceDate "2021.07.31"]
[SourceVersion "1"]
[SourceVersionDate "2021.07.31"]
[SourceQuality "1"]
[WhiteTeam "Warsaw Politechnik"]
[BlackTeam "Warsaw Kozminski Academy"]
[WhiteTeamCountry "POL"]
[BlackTeamCountry "POL"]

1. e4 e5 2. Nf3 Nc6 3. d4 exd4 4. Nxd4 Bc5 5. Be3 Qf6 6. c3 Nge7 7. g3 d5 8. Bg2 dxe4 9. Nb5 Bxe3 10. Nxc7+ Kf8 11. 0-0 Rb8 12. fxe3 Qe5 13. Qb3 f6 14. Nb5 Be6 15. Qa4 Rd8 16. Nd4 Bd5 17. Nd2 Nxd4 18. cxd4 Qg5 19. Rae1 Qg6 20. Rf4 Kf7 21. Nxe4 Rhe8 22. Qa3 Kg8 23. Nd6 Bxg2 24. Kxg2 Nd5 25. Nxe8 Nxf4+ 26. exf4 Rxe8 27. Qb3+ Kh8 28. Rxe8+ Qxe8 29. Qd5 h5 30. Kh3 Qe2 31. Qf5 h4 32. Qc8+ Kh7 33. Qf5+ Kh8 34. d5 hxg3 35. hxg3 Qf1+ 36. Kg4 Qd1+ 37. Kh4 Qh1+ 38. Qh3 Qxd5 39. Qc8+ Kh7 40. Qc2+ Kh8 41. Qc8+ Kh7 42. Qc2+ Kh8 43. Qc8+ Kh7 1/2-1/2

[Event "POL-ch Academic"]
[Site "Chorzow"]
[Date "2021.05.14"]
[Round "1.22"]
[White "Topolan, Pawel"]
[Black "Ulanowski, Karol"]
[Result "0-1"]
[WhiteElo "1460"]
[BlackElo "2151"]
[PlyCount "56"]
[EventDate "2021.05.14"]
[EventType "swiss (rapid)"]
[EventRounds "9"]
[EventCountry "POL"]
[SourceTitle "CBM 202 Extra"]
[Source "ChessBase"]
[SourceDate "2021.07.31"]
[SourceVersion "1"]
[SourceVersionDate "2021.07.31"]
[SourceQuality "1"]

1. e4 c5 2. Nf3 d6 3. d4 cxd4 4. Nxd4 Nf6 5. Nc3 a6 6. f3 e6 7. Be3 b5 8. Be2 Nbd7 9. 0-0 Bb7 10. Qd2 Be7 11. Rad1 0-0 12. a3 Rc8 13. Na2 d5 14. exd5 Nxd5 15. Bf2 Bg5 16. Qe1 Ne3 17. Bxe3 Bxe3+ 18. Kh1 Bxd4 19. Rxd4 Rxc2 20. Rb4 Nf6 21. Nc3 Nd5 22. Rg4 Ne3 23. Bd1 Nxd1 24. Nxd1 Qd2 25. Qe5 g6 26. Ne3 Rc1 27. Kg1 Re1 28. Rd4 Qxe3+ 0-1

[Event "Suwalki Warakomska Memorial-A op"]
[Site "Suwalki"]
[Date "2018.08.07"]
[Round "8"]
[White "Tomaszewski, Roman"]
[Black "Ulanowski, Karol"]
[Result "1/2-1/2"]
[WhiteElo "2258"]
[BlackElo "2149"]
[PlyCount "118"]
[EventDate "2018.08.01"]
[EventType "swiss"]
[EventRounds "9"]
[EventCountry "POL"]
[SourceTitle "CBM 185 Extra"]
[Source "ChessBase"]
[SourceDate "2018.07.29"]
[SourceVersion "1"]
[SourceVersionDate "2018.07.29"]
[SourceQuality "1"]
[WhiteTeam "Poland"]
[BlackTeam "Poland"]
[WhiteTeamCountry "POL"]
[BlackTeamCountry "POL"]

1. c4 Nf6 2. Nc3 g6 3. g3 Bg7 4. Bg2 0-0 5. e4 e5 6. d3 c6 7. Nge2 Na6 8. 0-0 Nc7 9. d4 d6 10. h3 b5 11. c5 b4 12. cxd6 Qxd6 13. dxe5 Qxe5 14. Bf4 Qa5 15. Qa4 Qxa4 16. Nxa4 Nb5 17. Rac1 Be6 18. b3 Rac8 19. Bd2 a5 20. Be3 Rfd8 21. Nb6 Rc7 22. Bf4 Rb7 23. Rxc6 Na7 24. Rc7 Rxc7 25. Bxc7 Rd2 26. Nf4 Rxa2 27. Rd1 Bf8 28. Nxe6 fxe6 29. e5 Ne8 30. Bb8 Nb5 31. Bc6 Nec7 32. Rd8 Rc2 33. Be4 Rc1+ 34. Kg2 Kg7 35. Rd7+ Kg8 36. h4 Na6 37. Rd8 Kf7 38. Bd6 Nxd6 39. exd6 Rd1 40. Rd7+ Kf6 41. Ra7 Nc5 42. Nd7+ Nxd7 43. Rxd7 h5 44. Ra7 Bxd6 45. Rxa5 Rd2 46. Rg5 Rb2 47. Bxg6 Rxb3 48. Bxh5 Be5 49. Rg6+ Ke7 50. Rg4 Rb2 51. Re4 Bc3 52. Bg4 e5 53. Bf5 Bd4 54. g4 Rxf2+ 55. Kg3 Rf1 56. Kg2 Rc1 57. g5 b3 58. Rg4 Kf8 59. Rg3 Rg1+ 1/2-1/2

[Event "Suwalki Warakomska Memorial-A op"]
[Site "Suwalki"]
[Date "2018.08.05"]
[Round "6"]
[White "Krzywda, Andrzej"]
[Black "Ulanowski, Karol"]
[Result "1/2-1/2"]
[WhiteElo "2258"]
[BlackElo "2149"]
[PlyCount "102"]
[EventDate "2018.08.01"]
[EventType "swiss"]
[EventRounds "9"]
[EventCountry "POL"]
[SourceTitle "CBM 185 Extra"]
[Source "ChessBase"]
[SourceDate "2018.07.29"]
[SourceVersion "1"]
[SourceVersionDate "2018.07.29"]
[SourceQuality "1"]

1. e4 e5 2. Nf3 Nc6 3. d4 exd4 4. Nxd4 Nf6 5. Nxc6 bxc6 6. e5 Qe7 7. Qe2 Nd5 8. h4 h6 9. h5 Bb7 10. Rh3 0-0-0 11. c4 Nb6 12. a4 Qb4+ 13. Nd2 a5 14. f4 d5 15. Rb3 Qc5 16. cxd5 Rxd5 17. Nf3 Rd8 18. Be3 Qd5 19. Rd3 Bb4+ 20. Kf2 Qe4 21. Bxb6 Qxe2+ 22. Bxe2 cxb6 23. Rad1 Kc7 24. Rxd8 Rxd8 25. Rxd8 Kxd8 26. Bc4 Ke7 27. g4 Bc8 28. f5 Bc5+ 29. Ke2 Bd7 30. Kd3 b5 31. Bb3 Bb6 32. Nd2 Bc7 33. Ke4 Bc8 34. Nf3 Bb7 35. axb5 cxb5+ 36. Bd5 Ba6 37. Nd4 b4 38. f6+ gxf6 39. Nf5+ Kf8 40. exf6 Bd8 41. Nxh6 Bxf6 42. b3 Bc8 43. Nxf7 Bxg4 44. h6 Bd1 45. Kf5 Bc3 46. Ne5 Bc2+ 47. Ke6 Kg8 48. Kd6+ Kh7 49. Nc4 a4 50. bxa4 b3 51. a5 Bxa5 1/2-1/2

[Event "Suwalki Warakomska Memorial-A op"]
[Site "Suwalki"]
[Date "2018.08.03"]
[Round "4"]
[White "Ulanowski, Karol"]
[Black "Kyc, Jerzy"]
[Result "0-1"]
[WhiteElo "2149"]
[BlackElo "2269"]
[PlyCount "64"]
[EventDate "2018.08.01"]
[EventType "swiss"]
[EventRounds "9"]
[EventCountry "POL"]
[SourceTitle "CBM 185 Extra"]
[Source "ChessBase"]
[SourceDate "2018.07.29"]
[SourceVersion "1"]
[SourceVersionDate "2018.07.29"]
[SourceQuality "1"]

1. e4 c5 2. Nf3 d6 3. d4 cxd4 4. Nxd4 Nf6 5. Nc3 a6 6. Bg5 e6 7. Qf3 Be7 8. 0-0-0 Qc7 9. g4 Nbd7 10. Bxf6 Nxf6 11. g5 Nd7 12. Rg1 b5 13. a3 Rb8 14. Qh3 b4 15. axb4 Rxb4 16. g6 Nf6 17. gxf7+ Kxf7 18. e5 dxe5 19. Nf3 g6 20. Ng5+ Kg7 21. Bxa6 h6 22. Nxe6+ Bxe6 23. Qxe6 g5 24. Nb5 Qc5 25. Nd6 Bxd6 26. Rxd6 Rf8 27. Re1 Rxb2 28. Kxb2 Qb4+ 29. Qb3 Qxd6 30. Bb5 Qd4+ 31. Ka3 Ra8+ 32. Ba4 Rxa4+ 0-1

[Event "Suwalki Warakomska Memorial-A op"]
[Site "Suwalki"]
[Date "2018.08.01"]
[Round "1"]
[White "Ulanowski, Karol"]
[Black "Tihonov, Jurij"]
[Result "1-0"]
[WhiteElo "2149"]
[BlackElo "2385"]
[PlyCount "77"]
[EventDate "2018.08.01"]
[EventType "swiss"]
[EventRounds "9"]
[EventCountry "POL"]
[SourceTitle "CBM 185 Extra"]
[Source "ChessBase"]
[SourceDate "2018.07.29"]
[SourceVersion "1"]
[SourceVersionDate "2018.07.29"]
[SourceQuality "1"]

1. e4 c5 2. Nf3 d6 3. d4 cxd4 4. Nxd4 Nf6 5. Nc3 a6 6. Bg5 Nbd7 7. Bc4 e6 8. Qe2 h6 9. Bh4 g5 10. Bg3 Ne5 11. Bb3 Qc7 12. h4 Rg8 13. hxg5 hxg5 14. 0-0-0 Bd7 15. f3 b5 16. a3 Rb8 17. f4 gxf4 18. Bxf4 Nfg4 19. Nf3 Qc5 20. Rh7 a5 21. Nxe5 dxe5 22. Qd2 Qc7 23. Bg5 a4 24. Nxb5 Rxb5 25. Bxe6 fxe6 26. Rxd7 Qc6 27. Ra7 Bd6 28. Bh4 Rb6 29. Qd3 Rf8 30. Qh3 Qxe4 31. Bg5 Rb7 32. Qh5+ Rbf7 33. Rxd6 Nf6 34. Rxe6+ Kd8 35. Rd6+ Ke8 36. Bxf6 Qf4+ 37. Kb1 Qf1+ 38. Rd1 Qxf6 39. Ra5 1-0

[Event "POL-chT Academic"]
[Site "Katowice"]
[Date "2018.02.03"]
[Round "3.14"]
[White "Ulanowski, Karol"]
[Black "Cukrowski, Filip"]
[Result "0-1"]
[WhiteElo "2149"]
[BlackElo "2401"]
[PlyCount "94"]
[EventDate "2018.02.03"]
[EventType "team-swiss (rapid)"]
[EventRounds "9"]
[EventCountry "POL"]
[SourceTitle "CBM 182 Extra"]
[Source "ChessBase"]
[SourceDate "2018.02.23"]
[SourceVersion "1"]
[SourceVersionDate "2018.02.23"]
[SourceQuality "1"]
[WhiteTeam "Warszawa PW"]
[BlackTeam "Wroclaw PWr"]
[WhiteTeamCountry "POL"]
[BlackTeamCountry "POL"]

1. e4 c5 2. Nf3 d6 3. d4 cxd4 4. Nxd4 Nf6 5. Nc3 a6 6. Bg5 Nc6 7. Qd2 e6 8. 0-0-0 h6 9. Be3 Bd7 10. f3 Be7 11. g4 Qc7 12. h4 0-0-0 13. Rg1 Kb8 14. g5 hxg5 15. hxg5 Nh5 16. Kb1 f6 17. g6 Nxd4 18. Qxd4 Qc5 19. Qd2 Qc6 20. f4 b5 21. a3 Qb7 22. Bg2 Bc6 23. Qe2 Ng3 24. Qf3 Nf5 25. Bf2 Nh4 26. Bxh4 Rxh4 27. f5 exf5 28. Qxf5 Rdh8 29. Nd5 R4h5 30. Qf4 Re5 31. Bf3 Rf8 32. Qh4 f5 33. Nxe7 Qxe7 34. Qxe7 Rxe7 35. Rxd6 fxe4 36. Bg4 Kc7 37. Re6 Rxe6 38. Bxe6 e3 39. Bf7 e2 40. Re1 Bf3 41. c4 Rh8 42. Kc1 Rh4 43. Kd2 bxc4 44. Ke3 Bh5 45. Rc1 Kd6 46. Kf2 Re4 47. Ke1 Rd4 0-1

[Event "Olomouc op 19th"]
[Site "Olomouc"]
[Date "2016.08.20"]
[Round "9"]
[White "Ulanowski, Karol"]
[Black "Bombek, Peter"]
[Result "0-1"]
[WhiteElo "2133"]
[BlackElo "2212"]
[PlyCount "92"]
[EventDate "2016.08.13"]
[EventType "swiss"]
[EventRounds "9"]
[EventCountry "CZE"]
[SourceTitle "CBM 173 Extra"]
[Source "ChessBase"]
[SourceDate "2016.08.29"]
[SourceVersion "1"]
[SourceVersionDate "2016.08.29"]
[SourceQuality "1"]

1. e4 e6 2. d4 d5 3. Nc3 Nf6 4. e5 Nfd7 5. f4 c5 6. Nf3 Nc6 7. Be3 a6 8. Qd2 b5 9. dxc5 Bxc5 10. Bxc5 Nxc5 11. Qf2 Qb6 12. Bd3 b4 13. Ne2 a5 14. 0-0 Ba6 15. Kh1 Ne7 16. Rad1 Na4 17. Qxb6 Nxb6 18. Nfd4 Nc4 19. Bxc4 Bxc4 20. Rfe1 g6 21. Ng1 a4 22. b3 Ba6 23. Ngf3 a3 24. c3 bxc3 25. Re3 0-0 26. Rxc3 Rfc8 27. Rdc1 Bd3 28. Kg1 Rxc3 29. Rxc3 Bb1 30. Nd2 Nf5 31. Nxb1 Nxd4 32. Kf2 Rb8 33. Ke3 Nxb3 34. Kf2 Nc5 35. Nd2 Rb2 36. Ke3 d4+ 37. Kxd4 Rxd2+ 38. Kxc5 Rxa2 39. g3 Rxh2 40. Rxa3 Rd2 41. Kc6 Rd5 42. g4 g5 43. f5 Kg7 44. Re3 h5 45. Rh3 hxg4 46. Rh5 Rxe5 0-1

[Event "Olomouc op 19th"]
[Site "Olomouc"]
[Date "2016.08.17"]
[Round "6"]
[White "Burnett, Andrew"]
[Black "Ulanowski, Karol"]
[Result "1-0"]
[WhiteElo "2174"]
[BlackElo "2133"]
[PlyCount "116"]
[EventDate "2016.08.13"]
[EventType "swiss"]
[EventRounds "9"]
[EventCountry "CZE"]
[SourceTitle "CBM 173 Extra"]
[Source "ChessBase"]
[SourceDate "2016.08.29"]
[SourceVersion "1"]
[SourceVersionDate "2016.08.29"]
[SourceQuality "1"]

1. d4 Nf6 2. c4 g6 3. Nc3 Bg7 4. e4 d6 5. Be2 0-0 6. Be3 e5 7. d5 c5 8. g4 a6 9. a4 b6 10. h4 Ra7 11. h5 Ne8 12. Qd2 Bf6 13. f3 g5 14. h6 Be7 15. Bd3 Kh8 16. Nge2 Rg8 17. Ng3 f6 18. Nf5 Bf8 19. Kf2 Rg6 20. a5 bxa5 21. Ne2 Bxf5 22. exf5 Rxh6 23. Rxh6 Bxh6 24. b3 Bf8 25. Ng3 Ng7 26. Ne4 Be7 27. Rh1 Ne8 28. Kg3 Bf8 29. Qh2 Rg7 30. Qh5 Qd7 31. Bd2 Qf7 32. Qh2 Qc7 33. Bc2 Be7 34. Qh5 Qd7 35. Bxa5 Kg8 36. Bd2 Kf8 37. b4 cxb4 38. Bxb4 Nc7 39. Ra1 Rf7 40. Ba4 Qd8 41. Rb1 a5 42. Bxa5 Nba6 43. Rb7 Qc8 44. Bc6 Ne8 45. Bb6 Kg7 46. Bxe8 Qxe8 47. c5 Nxc5 48. Bxc5 dxc5 49. d6 Bf8 50. Rc7 c4 51. Qxh7+ Kxh7 52. Nxf6+ Kh8 53. Nxe8 Kg8 54. d7 Be7 55. Nd6 Rf8 56. Nxc4 Bd8 57. Rc8 Kf7 58. Nxe5+ Kg7 1-0

[Event "POL-ch U18"]
[Site "Karpacz"]
[Date "2015.03.17"]
[Round "3"]
[White "Gierulski, Kamil"]
[Black "Ulanowski, Karol"]
[Result "0-1"]
[WhiteElo "2061"]
[BlackElo "2141"]
[PlyCount "66"]
[EventDate "2015.03.15"]
[EventType "swiss"]
[EventRounds "9"]
[EventCountry "POL"]
[SourceTitle "EXT 2017"]
[Source "ChessBase"]
[SourceDate "2016.10.25"]
[SourceVersion "1"]
[SourceVersionDate "2016.10.25"]
[SourceQuality "1"]

1. d4 Nf6 2. c4 g6 3. f3 Bg7 4. e4 d6 5. Nc3 0-0 6. Be3 Nc6 7. Nge2 a6 8. Qd2 Bd7 9. Rb1 Qb8 10. b4 b5 11. cxb5 axb5 12. d5 Na7 13. Nd4 e6 14. dxe6 fxe6 15. a4 bxa4 16. Bc4 Re8 17. Qa2 d5 18. e5 Nh5 19. g4 c5 20. bxc5 Qxe5 21. Kf2 Nf4 22. Bf1 Rab8 23. Rb6 Nc6 24. Ncb5 Rxb6 25. cxb6 Qb8 26. Nxc6 Bxc6 27. Qxa4 Rf8 28. Qa7 Qd8 29. Nd4 Qh4+ 30. Kg1 Qe1 31. Nc2 Qd1 32. Qc7 Nh3+ 33. Kg2 Qxf3# 0-1

[Event "POL-ch U18"]
[Site "Karpacz"]
[Date "2015.03.15"]
[Round "1"]
[White "Delekta, Filip"]
[Black "Ulanowski, Karol"]
[Result "1-0"]
[WhiteElo "2032"]
[BlackElo "2141"]
[PlyCount "61"]
[EventDate "2015.03.15"]
[EventType "swiss"]
[EventRounds "9"]
[EventCountry "POL"]
[SourceTitle "EXT 2017"]
[Source "ChessBase"]
[SourceDate "2016.10.25"]
[SourceVersion "1"]
[SourceVersionDate "2016.10.25"]
[SourceQuality "1"]

1. c4 Nf6 2. Nc3 g6 3. g3 Bg7 4. Bg2 0-0 5. d4 d6 6. Nf3 Nbd7 7. 0-0 e5 8. dxe5 dxe5 9. h3 c6 10. Qc2 Re8 11. Rd1 Qc7 12. Ng5 Nc5 13. Be3 Bf5 14. Qc1 Ne6 15. g4 Nxg5 16. gxf5 h6 17. fxg6 fxg6 18. Bxg5 hxg5 19. Qxg5 Qf7 20. Rd6 Rf8 21. Rad1 Rae8 22. Be4 Kh7 23. Qh4+ Kg8 24. Bc2 e4 25. c5 Nd5 26. Nxd5 cxd5 27. R1xd5 Bf6 28. Qg3 Kg7 29. Bb3 Re7 30. h4 Rh8 31. Rf5 1-0

[Event "EU-ch rapid"]
[Site "Wroclaw"]
[Date "2014.12.20"]
[Round "6"]
[White "Ulanowski, Karol"]
[Black "Petrosyan, Tigran S"]
[Result "0-1"]
[WhiteElo "2147"]
[BlackElo "2429"]
[PlyCount "54"]
[EventDate "2014.12.20"]
[EventType "swiss (rapid)"]
[EventRounds "11"]
[EventCountry "POL"]
[SourceTitle "CBM 164 Extra"]
[Source "ChessBase"]
[SourceDate "2015.03.02"]
[SourceVersion "1"]
[SourceVersionDate "2015.03.02"]
[SourceQuality "1"]

1. e4 e5 2. Nf3 Nc6 3. d4 exd4 4. Nxd4 Bc5 5. Be3 Qf6 6. c3 Nge7 7. g3 d5 8. Bg2 Nxd4 9. cxd4 Bb4+ 10. Nc3 Bxc3+ 11. bxc3 dxe4 12. Bxe4 0-0 13. 0-0 c6 14. Rb1 h6 15. Qf3 Qxf3 16. Bxf3 Nd5 17. Bd2 Nb6 18. Rfe1 Bf5 19. Rb4 Rfe8 20. Rxe8+ Rxe8 21. c4 Re7 22. Be3 Be6 23. d5 cxd5 24. Bxb6 axb6 25. cxd5 Bh3 26. Be4 f5 27. d6 Rxe4 0-1

[Event "EU-ch rapid"]
[Site "Wroclaw"]
[Date "2014.12.20"]
[Round "2"]
[White "Ulanowski, Karol"]
[Black "Tomczak, Jacek"]
[Result "0-1"]
[WhiteElo "2147"]
[BlackElo "2561"]
[PlyCount "74"]
[EventDate "2014.12.20"]
[EventType "swiss (rapid)"]
[EventRounds "11"]
[EventCountry "POL"]
[SourceTitle "CBM 164 Extra"]
[Source "ChessBase"]
[SourceDate "2015.03.02"]
[SourceVersion "1"]
[SourceVersionDate "2015.03.02"]
[SourceQuality "1"]

1. e4 e6 2. d4 d5 3. Nc3 Nf6 4. e5 Nfd7 5. f4 c5 6. Nf3 Nc6 7. Be3 Be7 8. Qd2 0-0 9. dxc5 Bxc5 10. Bxc5 Nxc5 11. 0-0-0 Qa5 12. Kb1 Bd7 13. Bd3 Rfd8 14. g4 Nb4 15. Nd4 Ncxd3 16. cxd3 Qb6 17. Nce2 Bb5 18. Nxb5 Qxb5 19. Nc3 Qa5 20. a3 Nc6 21. d4 b5 22. f5 Rdb8 23. f6 Qd8 24. Qg5 Qf8 25. Ne2 Na5 26. Ng3 g6 27. h4 h6 28. Qf4 Nc4 29. Rhg1 a5 30. Nf5 Kh7 31. g5 h5 32. Ng3 a4 33. Nxh5 b4 34. Ng3 bxa3 35. h5 Rxb2+ 36. Ka1 Qb4 37. hxg6+ Kxg6 0-1

[Event "POL-chT U19 2nd League"]
[Site "Szczyrk"]
[Date "2014.07.28"]
[Round "5.1"]
[White "Ulanowski, Karol"]
[Black "Madej, Roman"]
[Result "1-0"]
[WhiteElo "2124"]
[BlackElo "1756"]
[PlyCount "73"]
[EventDate "2014.07.25"]
[EventType "team-swiss"]
[EventRounds "11"]
[EventCountry "POL"]
[SourceTitle "EXT 2015"]
[Source "ChessBase"]
[SourceDate "2014.11.20"]
[SourceVersion "1"]
[SourceVersionDate "2014.11.20"]
[SourceQuality "1"]
[WhiteTeam "Tczew Skoczek U19"]
[BlackTeam "Wieliczka MKS MOS U19"]
[WhiteTeamCountry "POL"]
[BlackTeamCountry "POL"]

1. e4 c6 2. d4 d5 3. Nc3 dxe4 4. Nxe4 Nd7 5. Ng5 Ngf6 6. Bd3 e6 7. N1f3 Bd6 8. Qe2 h6 9. Ne4 Nxe4 10. Qxe4 Nf6 11. Qe2 Qc7 12. Bd2 b6 13. 0-0-0 Bb7 14. Ne5 0-0 15. g4 c5 16. g5 cxd4 17. gxf6 Bxe5 18. Rhg1 Bxf6 19. Qh5 Rfd8 20. Qxh6 Kf8 21. Bb4+ Ke8 22. Qh5 a6 23. Rde1 Bd5 24. Kb1 b5 25. Re2 Qc6 26. Rge1 Rdc8 27. f4 Rab8 28. f5 e5 29. Rxe5+ Bxe5 30. Rxe5+ Kd8 31. f6 g6 32. Rxd5+ Kc7 33. Qe5+ Kb7 34. Be4 Qc4 35. Rc5+ Kb6 36. Rxc4 bxc4 37. Qa5+ 1-0

[Event "POL-chT U19 2nd League"]
[Site "Szczyrk"]
[Date "2014.07.27"]
[Round "4.1"]
[White "Knapik, Andrzej2222"]
[Black "Ulanowski, Karol"]
[Result "0-1"]
[WhiteElo "1922"]
[BlackElo "2124"]
[PlyCount "88"]
[EventDate "2014.07.25"]
[EventType "team-swiss"]
[EventRounds "11"]
[EventCountry "POL"]
[SourceTitle "EXT 2015"]
[Source "ChessBase"]
[SourceDate "2014.11.20"]
[SourceVersion "1"]
[SourceVersionDate "2014.11.20"]
[SourceQuality "1"]
[WhiteTeam "Chrzanow UKS SP 8 U19"]
[BlackTeam "Tczew Skoczek U19"]
[WhiteTeamCountry "POL"]
[BlackTeamCountry "POL"]

1. e4 e5 2. Nf3 Nc6 3. Bb5 Nf6 4. 0-0 a6 5. Ba4 b5 6. Bb3 Bc5 7. Qe2 d6 8. h3 0-0 9. d3 Na5 10. Bg5 Nxb3 11. axb3 h6 12. Be3 Bxe3 13. Qxe3 Bb7 14. Nc3 Nh5 15. Ne2 f5 16. c4 b4 17. Nh2 Qh4 18. Nf3 Qe7 19. Kh2 c5 20. g3 Qf6 21. Nh4 f4 22. Qf3 g6 23. Ng1 Ng7 24. Ng2 Ne6 25. gxf4 Nd4 26. Qd1 exf4 27. Nf3 Nxf3+ 28. Qxf3 Qxb2 29. Nh4 Kh7 30. Qg4 Qf6 31. Rg1 Rg8 32. Nf3 Bc8 33. Qg2 Ra7 34. h4 Rag7 35. Rh1 g5 36. hxg5 Rxg5 37. Nxg5+ Rxg5 38. Qxg5 Qxg5 39. Rag1 Qh5+ 40. Kg2 f3+ 41. Kf1 Qe5 42. Ke1 Qc3+ 43. Kd1 Qxd3+ 44. Kc1 Qc3+ 0-1

[Event "POL-chT U19 2nd League"]
[Site "Szczyrk"]
[Date "2014.07.25"]
[Round "1.1"]
[White "Ulanowski, Karol"]
[Black "Slany, Wiktor"]
[Result "1-0"]
[WhiteElo "2124"]
[BlackElo "1737"]
[PlyCount "35"]
[EventDate "2014.07.25"]
[EventType "team-swiss"]
[EventRounds "11"]
[EventCountry "POL"]
[SourceTitle "EXT 2015"]
[Source "ChessBase"]
[SourceDate "2014.11.20"]
[SourceVersion "1"]
[SourceVersionDate "2014.11.20"]
[SourceQuality "1"]
[WhiteTeam "Tczew Skoczek U19"]
[BlackTeam "Gliwice Carbo U19"]
[WhiteTeamCountry "POL"]
[BlackTeamCountry "POL"]

1. e4 e5 2. Nf3 Nc6 3. d4 exd4 4. Nxd4 Bc5 5. Be3 Qf6 6. c3 Qg6 7. Nd2 Nge7 8. g3 Nxd4 9. cxd4 Bb4 10. Bg2 0-0 11. 0-0 c6 12. Qb3 Ba5 13. f4 Bxd2 14. Bxd2 Qe6 15. Qd3 d5 16. f5 dxe4 17. fxe6 exd3 18. Bb4 1-0

[Event "Warsaw Najdorf Memorial op-B 12th"]
[Site "Warsaw"]
[Date "2014.07.21"]
[Round "8"]
[White "Bieliauskas, Marius"]
[Black "Ulanowski, Karol"]
[Result "1/2-1/2"]
[WhiteElo "2140"]
[BlackElo "2144"]
[PlyCount "51"]
[EventDate "2014.07.14"]
[EventType "swiss"]
[EventRounds "9"]
[EventCountry "POL"]
[SourceTitle "EXT 2016"]
[Source "ChessBase"]
[SourceDate "2015.10.08"]
[SourceVersion "1"]
[SourceVersionDate "2015.10.08"]
[SourceQuality "1"]

1. d4 Nf6 2. c4 g6 3. Nc3 Bg7 4. e4 d6 5. Nf3 0-0 6. Be2 Na6 7. 0-0 e5 8. Be3 Ng4 9. Bg5 Qe8 10. dxe5 dxe5 11. h3 h6 12. Bd2 Nf6 13. Be3 b6 14. a3 Bb7 15. Qc2 Nc5 16. Bxc5 bxc5 17. Nd5 Rc8 18. Nd2 Bc6 19. Qc3 Bxd5 20. cxd5 c6 21. d6 Qe6 22. Bf3 Qxd6 23. Rfd1 Nd7 24. Nb3 Qe7 25. Rac1 Rb8 26. Nxc5 1/2-1/2

[Event "Warsaw Najdorf Memorial op-B 12th"]
[Site "Warsaw"]
[Date "2014.07.15"]
[Round "2"]
[White "Ulanowski, Karol"]
[Black "Pekacki, Stanislaw"]
[Result "1-0"]
[WhiteElo "2144"]
[BlackElo "1925"]
[PlyCount "77"]
[EventDate "2014.07.14"]
[EventType "swiss"]
[EventRounds "9"]
[EventCountry "POL"]
[SourceTitle "EXT 2016"]
[Source "ChessBase"]
[SourceDate "2015.10.08"]
[SourceVersion "1"]
[SourceVersionDate "2015.10.08"]
[SourceQuality "1"]

1. e4 c5 2. Nf3 Nc6 3. d4 cxd4 4. Nxd4 g6 5. Nc3 Bg7 6. Be3 Nf6 7. Bc4 Qa5 8. 0-0 0-0 9. Bb3 d6 10. h3 Bd7 11. Re1 Rfe8 12. Qe2 Nxd4 13. Bxd4 Bc6 14. Rad1 Rac8 15. Nd5 Nd7 16. c3 Nc5 17. Bc4 Ne6 18. Bxg7 Kxg7 19. Nb4 Qe5 20. Qe3 Qc5 21. Bxe6 fxe6 22. Qxc5 dxc5 23. Nxc6 Rxc6 24. Rd7 Rb6 25. Re2 Kf7 26. Rc7 Ra6 27. a3 Rb6 28. Rd2 a5 29. Rxc5 Ra6 30. Rd7 b6 31. Rc6 Rb8 32. Rcc7 Re8 33. Rb7 Kf6 34. f3 h5 35. h4 e5 36. Rdc7 Rd8 37. Rxe7 Rd1+ 38. Kh2 Rb1 39. Rec7 1-0

[Event "Marianske Lazne op 13th"]
[Site "Marianske Lazne"]
[Date "2014.01.23"]
[Round "7"]
[White "Paldus, Petr"]
[Black "Ulanowski, Karol"]
[Result "0-1"]
[WhiteElo "2027"]
[BlackElo "2144"]
[PlyCount "28"]
[EventDate "2014.01.18"]
[EventType "swiss"]
[EventRounds "9"]
[EventCountry "CZE"]
[SourceTitle "CBM 158 Extra"]
[Source "ChessBase"]
[SourceDate "2014.02.28"]
[SourceVersion "1"]
[SourceVersionDate "2014.02.28"]
[SourceQuality "1"]

1. d4 Nf6 2. c4 g6 3. Nc3 Bg7 4. e4 d6 5. f3 0-0 6. Be3 Nc6 7. Qd2 a6 8. h4 h5 9. 0-0-0 b5 10. cxb5 axb5 11. Bxb5 Na5 12. e5 Nh7 13. Bh6 Bf5 14. Bxg7 Nb3+ 0-1

[Event "Krakow op-A 24th"]
[Site "Krakow"]
[Date "2014.01.04"]
[Round "9"]
[White "Ulanowski, Karol"]
[Black "Nowicki, Bartosz"]
[Result "0-1"]
[WhiteElo "2144"]
[BlackElo "2251"]
[PlyCount "70"]
[EventDate "2013.12.27"]
[EventType "swiss"]
[EventRounds "9"]
[EventCountry "POL"]
[SourceTitle "CBM 158 Extra"]
[Source "ChessBase"]
[SourceDate "2014.02.28"]
[SourceVersion "1"]
[SourceVersionDate "2014.02.28"]
[SourceQuality "1"]

1. e4 c5 2. Nf3 d6 3. d4 cxd4 4. Nxd4 Nf6 5. Nc3 Nc6 6. Bg5 Bd7 7. Qd2 Rc8 8. 0-0-0 Nxd4 9. Qxd4 Qa5 10. Bxf6 gxf6 11. Kb1 a6 12. f4 Qc5 13. Qd2 Bg7 14. f5 h5 15. g3 Bh6 16. Qd3 b5 17. Nd5 b4 18. Nf4 h4 19. Qd2 a5 20. Ba6 Rc7 21. Qe2 a4 22. Nd5 Ra7 23. gxh4 Rg8 24. Bc4 a3 25. b3 Bc6 26. Qh5 Bf8 27. Rhe1 Rg7 28. Qe2 Rh7 29. h5 Bh6 30. Rg1 Bg5 31. Rg3 Kf8 32. Qg4 Rg7 33. Qe2 e6 34. fxe6 fxe6 35. h6 Rgf7 0-1